[Event "NB II. Erkel csoport"]
[Site "Fot"]
[Date "2023.10.08"]
[Round "1.10"]
[White "Karpati, Kende Vajk"]
[Black "Biro, Laszlo"]
[Result "0-1"]
[WhiteElo "1886"]
[BlackElo "1930"]
[PlyCount "76"]
[EventDate "2023.10.08"]
[EventType "team-tourn"]
[EventRounds "9"]
[EventCountry "HUN"]
[Source "chess.hu"]
[WhiteTeam "Fot SE-LearningChess"]
[BlackTeam "HUSI SC"]
[WhiteTeamCountry "HUN"]
[BlackTeamCountry "HUN"]

1. d4 Nf6 2. c4 e6 3. Nc3 Bb4 4. Nf3 O-O 5. g3 d5 6. Bg2 dxc4 7. O-O c5 8. dxc5
Bxc3 9. bxc3 Qa5 10. Qc2 Qxc5 11. a4 Re8 12. Ba3 Qc7 13. Rfd1 Nc6 14. Bd6 Qa5
15. Nd2 Qa6 16. Qa2 Nd5 17. Rac1 Na5 18. Bb4 Bd7 19. e4 Nxb4 20. cxb4 Nb3 21.
Rxc4 Nxd2 22. Rxd2 Qxa4 23. e5 Qb5 24. Bf1 Bc6 25. Rcd4 Qxe5 26. Qb2 Qf5 27.
Rf4 Qg5 28. b5 Bd5 29. Rdd4 h5 30. h4 Qe7 31. Rd1 Rec8 32. Be2 g6 33. Re1 a5
34. Ra4 b6 35. Qd2 Kg7 36. Qd4+ Qf6 37. Qxb6 Rc2 38. Rf4 Rxe2 0-1

[Event "NB II. Erkel csoport"]
[Site "Fot"]
[Date "2023.10.08"]
[Round "1.11"]
[White "Geher, Jozsef"]
[Black "Rozsa, Sandor"]
[Result "1/2-1/2"]
[WhiteElo "1871"]
[BlackElo "1763"]
[PlyCount "46"]
[EventDate "2023.10.08"]
[EventType "team-tourn"]
[EventRounds "9"]
[EventCountry "HUN"]
[Source "chess.hu"]
[WhiteTeam "HUSI SC"]
[BlackTeam "Fot SE-LearningChess"]
[WhiteTeamCountry "HUN"]
[BlackTeamCountry "HUN"]

1. e4 e5 2. f4 d5 3. exd5 e4 4. d3 Nf6 5. dxe4 Nxe4 6. Nf3 Bc5 7. Qe2 Qe7 8.
Be3 Nd7 9. Nbd2 Nxd2 10. Bxd2 Qxe2+ 11. Bxe2 Nf6 12. Bb5+ Bd7 13. Bxd7+ Nxd7
14. O-O-O O-O 15. Rhe1 Nb6 16. Be3 Bd6 17. g3 Rfe8 18. b3 Bb4 19. Bd2 Ba3+ 20.
Kb1 Nxd5 21. c4 Nf6 22. Bc3 Ne4 23. Be5 Rxe5 1/2-1/2

[Event "NB II. Erkel csoport"]
[Site "Fot"]
[Date "2023.10.08"]
[Round "1.12"]
[White "Schmelowszky, David"]
[Black "Laszlo, Laura Dr"]
[Result "0-1"]
[WhiteElo "1609"]
[BlackElo "1770"]
[PlyCount "44"]
[EventDate "2023.10.08"]
[EventType "team-tourn"]
[EventRounds "9"]
[EventCountry "HUN"]
[Source "chess.hu"]
[WhiteTeam "Fot SE-LearningChess"]
[BlackTeam "HUSI SC"]
[WhiteTeamCountry "HUN"]
[BlackTeamCountry "HUN"]

1. e4 c5 2. Nf3 a6 3. d4 cxd4 4. Nxd4 e5 5. Nb3 Nf6 6. Bd3 d5 7. exd5 Nxd5 8.
O-O Nc6 9. f4 Nxf4 10. Bxf4 exf4 11. Rxf4 Bd6 12. Re4+ Be6 13. Kh1 Qc7 14. Bc4
O-O-O 15. Bxe6+ fxe6 16. Qg4 Bxh2 17. Nc3 Kb8 18. Qxe6 Rd6 19. Qh3 Bg3 20. Re6
Rhd8 21. Ne4 Rd1+ 22. Rxd1 Rxd1# 0-1

[Event "NB II. Erkel csoport"]
[Site "Eger"]
[Date "2023.10.08"]
[Round "1.1"]
[White "Szabo, Zsolt"]
[Black "Huszar, Mark"]
[Result "1/2-1/2"]
[WhiteElo "2240"]
[BlackElo "2058"]
[PlyCount "40"]
[EventDate "2023.10.08"]
[EventType "team-tourn"]
[EventRounds "9"]
[EventCountry "HUN"]
[Source "chess.hu"]
[WhiteTeam "HASE"]
[BlackTeam "Egri Bolyky BastyaSE"]
[WhiteTeamCountry "HUN"]
[BlackTeamCountry "HUN"]

1. d4 d5 2. c4 c6 3. e3 Nf6 4. Bd3 e6 5. Nf3 Nbd7 6. O-O Bd6 7. Nc3 O-O 8. e4
dxe4 9. Nxe4 Nxe4 10. Bxe4 h6 11. Bc2 Qe7 12. Qd3 Nf6 13. c5 Bc7 14. Ne5 Rd8
15. Bf4 Bxe5 16. Bxe5 b6 17. Bd6 Qd7 18. Be5 Qe7 19. Bd6 Qd7 20. Be5 Qe7
1/2-1/2

[Event "NB II. Erkel csoport"]
[Site "Eger"]
[Date "2023.10.08"]
[Round "1.2"]
[White "Vas, Vince"]
[Black "Koczka, Zsolt"]
[Result "1/2-1/2"]
[WhiteElo "1937"]
[BlackElo "2153"]
[PlyCount "36"]
[EventDate "2023.10.08"]
[EventType "team-tourn"]
[EventRounds "9"]
[EventCountry "HUN"]
[Source "chess.hu"]
[WhiteTeam "Egri Bolyky BastyaSE"]
[BlackTeam "HASE"]
[WhiteTeamCountry "HUN"]
[BlackTeamCountry "HUN"]

1. e4 e6 2. d4 d5 3. Nd2 Nc6 4. c3 Nf6 5. e5 Nd7 6. f4 f5 7. Ngf3 a6 8. b4 b6
9. a4 Be7 10. Nb3 O-O 11. Ba3 Rf7 12. h4 Nf8 13. Ng5 Bxg5 14. hxg5 g6 15. Bd3
Bd7 16. Nd2 Qe8 17. Bc2 Nb8 18. Rh6 Bc6 1/2-1/2

[Event "NB II. Erkel csoport"]
[Site "Eger"]
[Date "2023.10.08"]
[Round "1.3"]
[White "Kovacs, Klara"]
[Black "Huszar, Lorant"]
[Result "1-0"]
[WhiteElo "2106"]
[BlackElo "1932"]
[PlyCount "51"]
[EventDate "2023.10.08"]
[EventType "team-tourn"]
[EventRounds "9"]
[EventCountry "HUN"]
[Source "chess.hu"]
[WhiteTeam "HASE"]
[BlackTeam "Egri Bolyky BastyaSE"]
[WhiteTeamCountry "HUN"]
[BlackTeamCountry "HUN"]

1. Nf3 Nf6 2. d4 e6 3. g3 d5 4. Bg2 Be7 5. O-O O-O 6. c4 c6 7. Qc2 Nbd7 8. Rd1
Re8 9. b3 Bd6 10. Nc3 Qe7 11. e4 dxe4 12. Nxe4 Nxe4 13. Qxe4 e5 14. Bb2 Nf6 15.
Qh4 exd4 16. Re1 Ne4 17. Ng5 Nxg5 18. Rxe7 Bxe7 19. Qh5 Bf6 20. h4 g6 21. Qh6
Re2 22. Ba3 Ne6 23. Bf3 d3 24. Bxe2 dxe2 25. Re1 Bg7 26. Qe3 1-0

[Event "NB II. Erkel csoport"]
[Site "Eger"]
[Date "2023.10.08"]
[Round "1.4"]
[White "Kovacs, Daniel"]
[Black "Demjen, Mark"]
[Result "1/2-1/2"]
[WhiteElo "1942"]
[BlackElo "2007"]
[PlyCount "35"]
[EventDate "2023.10.08"]
[EventType "team-tourn"]
[EventRounds "9"]
[EventCountry "HUN"]
[Source "chess.hu"]
[WhiteTeam "Egri Bolyky BastyaSE"]
[BlackTeam "HASE"]
[WhiteTeamCountry "HUN"]
[BlackTeamCountry "HUN"]

1. e4 e5 2. Nf3 Nc6 3. Bc4 Bc5 4. d3 Nf6 5. Bg5 d6 6. h3 Be6 7. Bb3 h6 8. Bh4
Qd7 9. Bxf6 gxf6 10. Bxe6 fxe6 11. c3 O-O-O 12. Nbd2 d5 13. Nb3 Bb6 14. Qe2 Qg7
15. g3 dxe4 16. dxe4 f5 17. Nbd2 Rhf8 18. Rf1 1/2-1/2

[Event "NB II. Erkel csoport"]
[Site "Eger"]
[Date "2023.10.08"]
[Round "1.5"]
[White "Hangay, Oliver"]
[Black "Nemeth, Laszlo"]
[Result "1-0"]
[WhiteElo "1900"]
[BlackElo "1987"]
[PlyCount "100"]
[EventDate "2023.10.08"]
[EventType "team-tourn"]
[EventRounds "9"]
[EventCountry "HUN"]
[Source "chess.hu"]
[WhiteTeam "HASE"]
[BlackTeam "Egri Bolyky BastyaSE"]
[WhiteTeamCountry "HUN"]
[BlackTeamCountry "HUN"]

1. e4 c6 2. d4 d5 3. Nc3 dxe4 4. Nxe4 Nf6 5. Nxf6+ exf6 6. c3 Bd6 7. Bd3 O-O 8.
Qc2 Re8+ 9. Ne2 h6 10. O-O Nd7 11. Bf4 Nf8 12. Bxd6 Qxd6 13. Ng3 Bd7 14. Rfe1
Rxe1+ 15. Rxe1 Re8 16. Rxe8 Bxe8 17. Qe2 Qe6 18. Bf5 Qxe2 19. Nxe2 Ne6 20. Ng3
g6 21. Bxe6 fxe6 22. Ne4 Kf7 23. Nd6+ Ke7 24. Nxb7 f5 25. f3 Kd7 26. Kf2 Kc7
27. Nc5 Kd6 28. Nd3 Kd5 29. b3 Kd6 30. Ke3 Kd5 31. c4+ Kd6 32. h4 Ke7 33. b4
Kd6 34. a4 g5 35. hxg5 hxg5 36. b5 f4+ 37. Kd2 cxb5 38. axb5 Bg6 39. Nb4 Bh5
40. Nd3 Be8 41. Kc3 Bg6 42. c5+ Kc7 43. Ne5 Be8 44. Kb4 Kb7 45. Ka5 Kc8 46. Ka6
Kb8 47. b6 axb6 48. Kxb6 Kc8 49. c6 Bh5 50. Nc4 g4 1-0

[Event "NB II. Erkel csoport"]
[Site "Eger"]
[Date "2023.10.08"]
[Round "1.6"]
[White "Vajda, Albert Sr"]
[Black "Lovas, Zsolt"]
[Result "1-0"]
[WhiteElo "2073"]
[BlackElo "1890"]
[PlyCount "47"]
[EventDate "2023.10.08"]
[EventType "team-tourn"]
[EventRounds "9"]
[EventCountry "HUN"]
[Source "chess.hu"]
[WhiteTeam "Egri Bolyky BastyaSE"]
[BlackTeam "HASE"]
[WhiteTeamCountry "HUN"]
[BlackTeamCountry "HUN"]

1. e4 c6 2. d4 d5 3. Nc3 dxe4 4. Nxe4 Nd7 5. Nf3 Ngf6 6. Bd3 Nxe4 7. Bxe4 Nf6
8. Bd3 e6 9. O-O Be7 10. Qe2 h6 11. c4 O-O 12. Bf4 Re8 13. Rad1 Bd7 14. Ne5 Rc8
15. Qf3 Bf8 16. Rfe1 Qe7 17. Bb1 Red8 18. Qd3 g5 19. Ng4 Bg7 20. Be5 Ne4 21.
Bxg7 Kxg7 22. Qxe4 f5 23. Qe5+ Kh7 24. Bxf5+ 1-0

[Event "NB II. Erkel csoport"]
[Site "Eger"]
[Date "2023.10.08"]
[Round "1.7"]
[White "Minga-Nagy, Abel Inti"]
[Black "Szekeres, Sandor"]
[Result "1-0"]
[WhiteElo "1801"]
[BlackElo "1963"]
[PlyCount "93"]
[EventDate "2023.10.08"]
[EventType "team-tourn"]
[EventRounds "9"]
[EventCountry "HUN"]
[Source "chess.hu"]
[WhiteTeam "HASE"]
[BlackTeam "Egri Bolyky BastyaSE"]
[WhiteTeamCountry "HUN"]
[BlackTeamCountry "HUN"]

1. e4 c5 2. Nf3 Nc6 3. Bb5 Nd4 4. Bc4 e6 5. Nxd4 cxd4 6. O-O g6 7. d3 Bg7 8.
Nd2 Ne7 9. Nf3 O-O 10. Bf4 d6 11. Qd2 e5 12. Bh6 Bg4 13. Bxg7 Kxg7 14. Ne1 d5
15. exd5 Nxd5 16. f3 Be6 17. Bxd5 Qxd5 18. f4 f6 19. Nf3 Bg4 20. Rae1 Rae8 21.
fxe5 fxe5 22. Ng5 h6 23. Ne4 Qxa2 24. Nd6 Rxf1+ 25. Rxf1 Re7 26. Qf2 Bf5 27. g4
Rd7 28. Ne8+ Kf7 29. gxf5 Kxe8 30. fxg6 Qg8 31. Qf5 Qg7 32. Re1 Rd6 33. Rxe5+
Kd8 34. Re6 Rxe6 35. Qxe6 Qe7 36. Qxe7+ Kxe7 37. Kg2 Kf6 38. Kf3 Kxg6 39. Ke4
Kf6 40. Kxd4 Ke6 41. Kc5 Kd7 42. d4 h5 43. h4 Kc7 44. c4 Kd7 45. b4 Kc7 46. d5
Kd7 47. Kd4 1-0

[Event "NB II. Erkel csoport"]
[Site "Eger"]
[Date "2023.10.08"]
[Round "1.8"]
[White "Botos, Krisztian"]
[Black "Deli, Kristof"]
[Result "0-1"]
[WhiteElo "1942"]
[BlackElo "1821"]
[PlyCount "43"]
[EventDate "2023.10.08"]
[EventType "team-tourn"]
[EventRounds "9"]
[EventCountry "HUN"]
[Source "chess.hu"]
[WhiteTeam "Egri Bolyky BastyaSE"]
[BlackTeam "HASE"]
[WhiteTeamCountry "HUN"]
[BlackTeamCountry "HUN"]

1. c4 e5 2. Nc3 Nc6 3. g3 g6 4. Bg2 Bg7 5. e3 Nge7 6. Nge2 O-O 7. O-O d6 8. d4
exd4 9. Nxd4 Nxd4 10. exd4 Nc6 11. Be3 Bf5 12. a3 a5 13. Rc1 Re8 14. b3 Qd7 15.
Re1 Nxd4 16. Nd5 Nc6 17. Qd2 Be6 18. b4 axb4 19. axb4 Ne5 20. Bd4 Bxd5 21. cxd5
f5 22. Qc3 0-1

[Event "NB II. Erkel csoport"]
[Site "Eger"]
[Date "2023.10.08"]
[Round "1.9"]
[White "Schreuder Peters, Misja"]
[Black "Kis, Jozsef"]
[Result "0-1"]
[WhiteElo "1841"]
[BlackElo "1919"]
[PlyCount "122"]
[EventDate "2023.10.08"]
[EventType "team-tourn"]
[EventRounds "9"]
[EventCountry "HUN"]
[Source "chess.hu"]
[WhiteTeam "HASE"]
[BlackTeam "Egri Bolyky BastyaSE"]
[WhiteTeamCountry "HUN"]
[BlackTeamCountry "HUN"]

1. e4 g6 2. d4 Bg7 3. Nc3 d6 4. Be3 Nf6 5. Qd2 c6 6. f3 b5 7. a3 a6 8. h4 h5 9.
Nh3 Bxh3 10. Rxh3 Nbd7 11. Bd3 e5 12. Be2 Qe7 13. Bg5 exd4 14. Qxd4 Nc5 15.
O-O-O O-O-O 16. Kb1 Ne6 17. Qb6 Qb7 18. Be3 Qxb6 19. Bxb6 Rd7 20. Rhh1 c5 21.
Nxb5 axb5 22. Bxb5 Nd4 23. Bxd7+ Nxd7 24. Ba5 Nc6 25. Be1 Kc7 26. Bg3 Nde5 27.
Rd5 Ne7 28. Rd2 Nc4 29. Rd3 Rb8 30. b3 Nxa3+ 31. Kc1 Nb5 32. Rhd1 Bh6+ 33. Kb2
Rb6 34. e5 Nf5 35. exd6+ Nbxd6 36. Be5 Bg7 37. Bxg7 Nxg7 38. Ra1 Kb7 39. Rad1
Kc7 40. Ra1 Kb7 41. g4 Ne6 42. Re1 Kc6 43. Red1 Kc7 44. gxh5 gxh5 45. Rd5 f5
46. Rg1 Kc6 47. Rdd1 Nf4 48. Rg8 Rb4 49. Ra1 Rb6 50. Ra4 c4 51. Rh8 Kc5 52. Rd8
Nd5 53. Ra5+ Kd4 54. Kc1 c3 55. Rh8 Nf4 56. Rh7 Ke3 57. Rc7 Ne2+ 58. Kb1 Kxf3
59. Re7 Nf4 60. Rc7 Ne4 61. Rc4 Rg6 0-1

[Event "NB II. Erkel csoport"]
[Site "Eger"]
[Date "2023.10.08"]
[Round "1.10"]
[White "Gordos, Csaba Dr"]
[Black "Zoltan, Andras"]
[Result "1/2-1/2"]
[WhiteElo "1775"]
[BlackElo "1713"]
[PlyCount "32"]
[EventDate "2023.10.08"]
[EventType "team-tourn"]
[EventRounds "9"]
[EventCountry "HUN"]
[Source "chess.hu"]
[WhiteTeam "Egri Bolyky BastyaSE"]
[BlackTeam "HASE"]
[WhiteTeamCountry "HUN"]
[BlackTeamCountry "HUN"]

1. e4 e5 2. Nc3 Nf6 3. f4 d5 4. fxe5 Nxe4 5. d3 Nxc3 6. bxc3 c5 7. Nf3 Be7 8.
Be2 O-O 9. O-O Nc6 10. d4 Be6 11. Be3 Qa5 12. Bd2 c4 13. a4 a6 14. Qb1 b6 15.
Qb2 Na7 16. Bg5 Nc8 1/2-1/2

[Event "NB II. Erkel csoport"]
[Site "Eger"]
[Date "2023.10.08"]
[Round "1.11"]
[White "Kozma, Edit"]
[Black "Molnar, Daniel Zsolt"]
[Result "1/2-1/2"]
[WhiteElo "1781"]
[BlackElo "1598"]
[PlyCount "48"]
[EventDate "2023.10.08"]
[EventType "team-tourn"]
[EventRounds "9"]
[EventCountry "HUN"]
[Source "chess.hu"]
[WhiteTeam "HASE"]
[BlackTeam "Egri Bolyky BastyaSE"]
[WhiteTeamCountry "HUN"]
[BlackTeamCountry "HUN"]

1. e4 c5 2. Nf3 Nc6 3. Bb5 g6 4. c3 Nf6 5. e5 Nd5 6. O-O Bg7 7. d4 cxd4 8. cxd4
O-O 9. Qb3 Nb6 10. Re1 d5 11. Be3 Bd7 12. Nc3 Na5 13. Qb4 Nc6 14. Qc5 a6 15.
Bxc6 Bxc6 16. Bg5 f6 17. exf6 Bxf6 18. Bxf6 exf6 19. a4 Rc8 20. Qb4 Nc4 21. b3
a5 22. Qe7 Qxe7 23. Rxe7 Nd6 24. Rae1 Rfe8 1/2-1/2

[Event "NB II. Erkel csoport"]
[Site "Eger"]
[Date "2023.10.08"]
[Round "1.12"]
[White "Huszar, Andras"]
[Black "Rabovszky, Gyorgy"]
[Result "1/2-1/2"]
[WhiteElo "1464"]
[BlackElo "1603"]
[PlyCount "93"]
[EventDate "2023.10.08"]
[EventType "team-tourn"]
[EventRounds "9"]
[EventCountry "HUN"]
[Source "chess.hu"]
[WhiteTeam "Egri Bolyky BastyaSE"]
[BlackTeam "HASE"]
[WhiteTeamCountry "HUN"]
[BlackTeamCountry "HUN"]

1. d4 Nf6 2. Nf3 g6 3. c4 c5 4. e3 Bg7 5. Bd3 b5 6. cxb5 a6 7. bxa6 Nxa6 8. O-O
O-O 9. Bd2 d5 10. dxc5 Nxc5 11. Be2 Nfe4 12. Nc3 Bb7 13. Rc1 Qb6 14. b4 Nxc3
15. Bxc3 Ne4 16. Bxg7 Kxg7 17. Qb3 Rfc8 18. Qb2+ f6 19. Nd2 Nd6 20. a3 Ba6 21.
Bxa6 Qxa6 22. Rxc8 Rxc8 23. Qb3 e6 24. Ra1 Qe2 25. Qd1 Qxd1+ 26. Rxd1 Rc2 27.
Nb3 Ra2 28. Ra1 Rb2 29. Nc5 Kf7 30. Na4 Rc2 31. Nc5 Rb2 32. Nd3 Rb3 33. Nc5 Rb2
34. Kf1 Ke7 35. Ke1 Nc4 36. Nd3 Rb3 37. Nc5 Rxa3 38. Rxa3 Nxa3 39. Kd2 Nb5 40.
Kd3 e5 41. Nb3 Kd6 42. Na5 f5 43. Nb7+ Kc7 44. Nc5 Kd6 45. Nb7+ Kc7 46. Nc5 Kd6
47. Nb7+ 1/2-1/2

[Event "NB II. Erkel csoport"]
[Site "Dunaharaszti"]
[Date "2023.10.29"]
[Round "2.1"]
[White "Csati, Oliver"]
[Black "Nguyen, Huynh Minh Huy"]
[Result "1-0"]
[WhiteElo "2233"]
[BlackElo "2441"]
[PlyCount "57"]
[EventDate "2023.10.08"]
[EventType "team-tourn"]
[EventRounds "9"]
[EventCountry "HUN"]
[Source "chess.hu"]
[WhiteTeam "HASE"]
[BlackTeam "Dunaharaszti MTK II."]
[WhiteTeamCountry "HUN"]
[BlackTeamCountry "HUN"]

1. e4 c5 2. Nf3 g6 3. c4 Bg7 4. d4 cxd4 5. Nxd4 Nc6 6. Be3 Nf6 7. Nc3 d6 8. Be2
O-O 9. O-O Bd7 10. Re1 Nxd4 11. Bxd4 Bc6 12. Bf1 e5 13. Be3 Nxe4 14. Nxe4 Bxe4
15. Bxa7 Bxg2 16. Bxg2 Rxa7 17. Qd5 Qb6 18. Qb5 Qc7 19. Red1 Rc8 20. Bd5 Bh6
21. a4 b6 22. Rd3 Ra5 23. Qb4 Bf4 24. b3 e4 25. Bxe4 Bxh2+ 26. Kxh2 d5+ 27. Kg1
dxe4 28. Rd6 Qe7 29. Rxg6+ 1-0

[Event "NB II. Erkel csoport"]
[Site "Dunaharaszti"]
[Date "2023.10.29"]
[Round "2.2"]
[White "Berczes, Csaba"]
[Black "Szabo, Zsolt"]
[Result "1/2-1/2"]
[WhiteElo "2285"]
[BlackElo "2240"]
[PlyCount "40"]
[EventDate "2023.10.08"]
[EventType "team-tourn"]
[EventRounds "9"]
[EventCountry "HUN"]
[Source "chess.hu"]
[WhiteTeam "Dunaharaszti MTK II."]
[BlackTeam "HASE"]
[WhiteTeamCountry "HUN"]
[BlackTeamCountry "HUN"]

1. Nf3 d5 2. g3 e6 3. Bg2 b5 4. b3 Bb7 5. Bb2 Nf6 6. c4 b4 7. O-O Nbd7 8. cxd5
Bxd5 9. d3 Be7 10. Nbd2 O-O 11. Qc2 Rc8 12. Nc4 c5 13. e4 Ba8 14. a3 a5 15.
Rfe1 h6 16. Rad1 Qc7 17. Qb1 Rfd8 18. axb4 axb4 19. d4 cxd4 20. Nxd4 Nc5
1/2-1/2

[Event "NB II. Erkel csoport"]
[Site "Dunaharaszti"]
[Date "2023.10.29"]
[Round "2.3"]
[White "Nagy, Ervin Dr"]
[Black "Lorand, Norbert"]
[Result "1/2-1/2"]
[WhiteElo "2153"]
[BlackElo "2253"]
[PlyCount "52"]
[EventDate "2023.10.08"]
[EventType "team-tourn"]
[EventRounds "9"]
[EventCountry "HUN"]
[Source "chess.hu"]
[WhiteTeam "HASE"]
[BlackTeam "Dunaharaszti MTK II."]
[WhiteTeamCountry "HUN"]
[BlackTeamCountry "HUN"]

1. Nf3 Nf6 2. b3 g6 3. Bb2 Bg7 4. g3 d5 5. c4 c6 6. Bg2 O-O 7. O-O a5 8. d3 Na6
9. Nbd2 Bg4 10. h3 Bf5 11. Rc1 Qb6 12. Qc2 Rfd8 13. Bd4 Qb4 14. Qb2 Qd6 15.
cxd5 cxd5 16. e4 dxe4 17. dxe4 Nxe4 18. Bxg7 Nxd2 19. Bh6 Nxf3+ 20. Bxf3 f6 21.
Rfd1 Qb4 22. Bd2 Qb5 23. a4 Qb6 24. Be3 Qb4 25. Bd2 Qb6 26. Be3 Qb4 1/2-1/2

[Event "NB II. Erkel csoport"]
[Site "Dunaharaszti"]
[Date "2023.10.29"]
[Round "2.5"]
[White "Demjen, Mark"]
[Black "Baski, Barnabas"]
[Result "0-1"]
[WhiteElo "2007"]
[BlackElo "2170"]
[PlyCount "68"]
[EventDate "2023.10.08"]
[EventType "team-tourn"]
[EventRounds "9"]
[EventCountry "HUN"]
[Source "chess.hu"]
[WhiteTeam "HASE"]
[BlackTeam "Dunaharaszti MTK II."]
[WhiteTeamCountry "HUN"]
[BlackTeamCountry "HUN"]

1. e4 c5 2. Nf3 e6 3. c3 Nf6 4. Bd3 Nc6 5. O-O Qc7 6. Qe2 d5 7. e5 Ng4 8. Re1
g6 9. h3 Nh6 10. Bc2 Nf5 11. g4 Nfe7 12. d4 cxd4 13. cxd4 Bd7 14. Nc3 a6 15.
Be3 Nc8 16. Ng5 h6 17. Nxf7 Kxf7 18. Qf3+ Kg8 19. Bxg6 Nd8 20. Kh1 Ne7 21. Bh5
Rh7 22. Rg1 Nf7 23. g5 hxg5 24. Bxg5 Nxg5 25. Rxg5+ Bg7 26. Qf7+ Kh8 27. Qxe7
Bxe5 28. Qc5 Qxc5 29. dxc5 Bf6 30. Rg6 Bxc3 31. bxc3 Rxh5 32. Rb1 Bc6 33. Rxe6
Rg8 34. Kh2 d4 0-1

[Event "NB II. Erkel csoport"]
[Site "Dunaharaszti"]
[Date "2023.10.29"]
[Round "2.6"]
[White "Markos, Adam"]
[Black "Hangay, Oliver"]
[Result "1-0"]
[WhiteElo "2100"]
[BlackElo "1900"]
[PlyCount "39"]
[EventDate "2023.10.08"]
[EventType "team-tourn"]
[EventRounds "9"]
[EventCountry "HUN"]
[Source "chess.hu"]
[WhiteTeam "Dunaharaszti MTK II."]
[BlackTeam "HASE"]
[WhiteTeamCountry "HUN"]
[BlackTeamCountry "HUN"]

1. e4 e5 2. Nf3 Nc6 3. Bb5 a6 4. Ba4 Nf6 5. d3 b5 6. Bb3 Be7 7. O-O O-O 8. a4
Bb7 9. Nc3 b4 10. Nd5 Na5 11. Nxe7+ Qxe7 12. Ba2 h6 13. Nh4 d5 14. Nf5 Qd7 15.
f3 Kh7 16. Qe1 c5 17. Qg3 Ne8 18. Qxe5 f6 19. Qg3 Nc7 20. Bf4 1-0

[Event "NB II. Erkel csoport"]
[Site "Dunaharaszti"]
[Date "2023.10.29"]
[Round "2.7"]
[White "Lovas, Zsolt"]
[Black "Szekeres, Tibor"]
[Result "0-1"]
[WhiteElo "1890"]
[BlackElo "2010"]
[PlyCount "98"]
[EventDate "2023.10.08"]
[EventType "team-tourn"]
[EventRounds "9"]
[EventCountry "HUN"]
[Source "chess.hu"]
[WhiteTeam "HASE"]
[BlackTeam "Dunaharaszti MTK II."]
[WhiteTeamCountry "HUN"]
[BlackTeamCountry "HUN"]

1. e4 d5 2. exd5 Nf6 3. d4 Bg4 4. Be2 Bxe2 5. Qxe2 Qxd5 6. Nf3 e6 7. O-O Nc6 8.
Rd1 O-O-O 9. c4 Qh5 10. Nc3 h6 11. Be3 Bd6 12. c5 Be7 13. b4 Nd5 14. Nxd5 Rxd5
15. b5 Nb8 16. Rd2 Bf6 17. Rad1 Rhd8 18. Qc4 e5 19. h3 e4 20. Ne1 g5 21. Nc2 g4
22. Qe2 Rg8 23. hxg4 Rxg4 24. g3 Qg6 25. Kf1 Rf5 26. Kg1 Bh4 27. Ne1 Bxg3 28.
fxg3 Rxg3+ 29. Ng2 Rff3 30. Re1 Rxe3 31. Qxe3 Rxe3 32. Rxe3 f5 33. Kf2 Nd7 34.
Rg3 Qf7 35. Nf4 Nf6 36. d5 Ng4+ 37. Ke2 Qe8 38. c6 Qe5 39. Nh5 f4 40. Nxf4 Qxf4
41. Ra3 Qf2+ 42. Kd1 Qc5 43. Rg3 h5 44. a4 b6 45. Ke1 e3 46. Rdg2 Qxd5 47. Ke2
Kd8 48. Rg1 Qd2+ 49. Kf3 e2 0-1

[Event "NB II. Erkel csoport"]
[Site "Dunaharaszti"]
[Date "2023.10.29"]
[Round "2.8"]
[White "Szollosi, Laszlo"]
[Black "Minga-Nagy, Abel Inti"]
[Result "0-1"]
[WhiteElo "2046"]
[BlackElo "1801"]
[PlyCount "88"]
[EventDate "2023.10.08"]
[EventType "team-tourn"]
[EventRounds "9"]
[EventCountry "HUN"]
[Source "chess.hu"]
[WhiteTeam "Dunaharaszti MTK II."]
[BlackTeam "HASE"]
[WhiteTeamCountry "HUN"]
[BlackTeamCountry "HUN"]

1. d4 d5 2. Nf3 e6 3. e3 Nf6 4. c3 c5 5. a3 Nc6 6. b4 c4 7. Nbd2 Bd6 8. Be2 O-O
9. Qc2 e5 10. dxe5 Nxe5 11. e4 Nd3+ 12. Kf1 dxe4 13. Ng5 Bf5 14. Nxc4 Nxf2 15.
Ne3 Nxh1 16. Nxf5 Bxh2 17. Nxe4 Nxe4 18. Qxe4 Qf6 19. Qf3 Qxf5 20. g4 Qxf3+ 21.
Bxf3 Be5 22. Bxh1 Bxc3 23. Ra2 Rad8 24. Bf3 Rfe8 25. Rc2 Be5 26. Bxb7 Rd1+ 27.
Kg2 g6 28. Bf3 Rdd8 29. b5 Rd3 30. Re2 Re6 31. Rc2 Rc3 32. Rxc3 Bxc3 33. a4 Re1
34. Bf4 Ra1 35. Bc6 Rxa4 36. Kf3 Ra3 37. Ke4 h5 38. gxh5 gxh5 39. Bd6 Bb4 40.
Bc7 h4 41. Kf4 h3 42. Kg4 Kf8 43. Bg3 f5+ 44. Kh4 Be7+ 0-1

[Event "NB II. Erkel csoport"]
[Site "Dunaharaszti"]
[Date "2023.10.29"]
[Round "2.9"]
[White "Schreuder Peters, Misja"]
[Black "Kovacs, Istvan"]
[Result "0-1"]
[WhiteElo "1841"]
[BlackElo "2067"]
[PlyCount "84"]
[EventDate "2023.10.08"]
[EventType "team-tourn"]
[EventRounds "9"]
[EventCountry "HUN"]
[Source "chess.hu"]
[WhiteTeam "HASE"]
[BlackTeam "Dunaharaszti MTK II."]
[WhiteTeamCountry "HUN"]
[BlackTeamCountry "HUN"]

1. e4 c5 2. Nf3 e6 3. d3 d5 4. Qe2 Nf6 5. g3 Be7 6. Bg2 Nc6 7. O-O O-O 8. e5
Nd7 9. Rd1 Qc7 10. Bf4 Nd4 11. Nxd4 cxd4 12. c4 dxc3 13. Nxc3 g5 14. Be3 Qxe5
15. d4 Qf5 16. g4 Qg6 17. Qd2 Nb6 18. b3 Bd7 19. Bf1 Rac8 20. Bd3 Qg7 21. Ne2
f5 22. gxf5 exf5 23. Kh1 Rc6 24. Rg1 Rg6 25. f4 g4 26. a4 Kh8 27. Rac1 Bd6 28.
Rc5 Qe7 29. Nc3 Bc6 30. b4 Bxc5 31. bxc5 Nxa4 32. Nxa4 Bxa4 33. Re1 Re6 34. Bf2
Rxe1+ 35. Qxe1 Qxe1+ 36. Bxe1 Bd1 37. Bh4 a5 38. Bb5 a4 39. c6 bxc6 40. Bxc6
Bf3+ 41. Kg1 a3 42. Be7 a2 0-1

[Event "NB II. Erkel csoport"]
[Site "Dunaharaszti"]
[Date "2023.10.29"]
[Round "2.10"]
[White "Fodre, Sandor"]
[Black "Csetneki, Mark"]
[Result "1/2-1/2"]
[WhiteElo "1948"]
[BlackElo "1791"]
[PlyCount "112"]
[EventDate "2023.10.08"]
[EventType "team-tourn"]
[EventRounds "9"]
[EventCountry "HUN"]
[Source "chess.hu"]
[WhiteTeam "Dunaharaszti MTK II."]
[BlackTeam "HASE"]
[WhiteTeamCountry "HUN"]
[BlackTeamCountry "HUN"]

1. e4 c5 2. c3 e5 3. Nf3 d6 4. Bc4 Be6 5. Bxe6 fxe6 6. Qb3 Qd7 7. O-O Nc6 8.
Re1 Be7 9. d3 Nf6 10. Nbd2 O-O 11. Nf1 Nh5 12. Be3 d5 13. Rad1 d4 14. Bd2 Kh8
15. Ng3 Nf4 16. cxd4 cxd4 17. Bxf4 exf4 18. Nf1 e5 19. Rc1 Rab8 20. Qd5 Qg4 21.
Nxe5 Nxe5 22. Qxe5 f3 23. Qg3 Qe6 24. Rc7 Rbe8 25. Nd2 Qh6 26. Rxe7 Rxe7 27.
Nxf3 Qb6 28. b3 Qa5 29. Re2 Qc3 30. Qd6 Rfe8 31. Qxd4 Qxd4 32. Nxd4 Rd7 33. Nf5
Rxd3 34. f3 g6 35. Ne3 Kg7 36. Kf2 Kf6 37. Nd5+ Ke5 38. Rc2 a5 39. Ke2 Rd4 40.
Ne3 Ke6 41. Nd5 Kd6 42. Nc7 Re5 43. a4 Rb4 44. Nb5+ Rexb5 45. axb5 Rxb3 46.
Rd2+ Ke6 47. Rd5 a4 48. Rd4 a3 49. Ra4 Rb2+ 50. Ke3 a2 51. g3 Rxh2 52. f4 h5
53. Kd4 Rc2 54. Kd3 Rg2 55. Kd4 Rc2 56. Kd3 Rg2 1/2-1/2